Arquitectura de las transferencias (Registro nro. 313842)
[ vista simple ]
| 000 -ENCABEZADO | |
|---|---|
| Número de control [NR] | 01186nam a2200289 c 4500 |
| 001 - NÚMERO DE CONTROL | |
| control field | a6124070 |
| 005 - FECHA Y HORA DE LA ÚLTIMA TRANSACCIÓN | |
| control field | 20190812115537.0 |
| 008 - DE LONGITUD FIJA DE DATOS DE ELEMENTOS - INFORMACIÓN GENERAL | |
| Elementos de longitud fija [NR] | 190812s2016 sp a | |||| 001 0 spa d |
| 015 ## - NUMERO DE BIBLIOGRAFIA NACIONAL [R] | |
| Número de bibliografía nacional [R] | MON1803 |
| 017 ## - NUMERO DEL REGISTRO DE DERECHOS DE AUTOR O DEL DEPOSITO LEGAL [R] | |
| Número de registro de derechos de autor (“copyright”) [R] | M 43675-2016 |
| Agencia que asigna el número [NR] | Oficina Depósito Legal Madrid |
| 020 ## - NUMERO INTERNACIONAL NORMALIZADO PARA LIBROS [R] | |
| Número Internacional Normalizado del libro [NR] | 9788416160723 |
| 040 ## - FUENTE DE CATALOGACION [NR] | |
| Agencia de catalogación original [NR] | Co-BoUCM |
| Idioma de catalogación [NR] | spa |
| Quien Cataloga | Saul Niño |
| Quien Clasifica | Saul Niño |
| 041 1# - CODIGO DE IDIOMA [R] | |
| Código de idioma para texto/pista de sonido o título separado [R] | Español |
| -- | Inglés |
| Language code of original and/or intermediate translations of text | spa |
| 245 00 - MENCION DE TITULO [NR] | |
| Título [NR] | Arquitectura de las transferencias |
| Parte restante del título [NR] | arte, política y tecnología |
| Mención de responsabilidad, etc. [NR] | Ingrid Wildi Merino, autora del proyecto; Ramón Grosfoguel, Marta Jordi Taltavull, Sergio Rojas Contreras, Yasser Farrés Delgado, Cuauhtémoc Medina ; [traducción, Estrella Ryan y Jorge Locane] |
| 260 ## - PUBLICACION, DISTRIBUCION, ETC. (PIE DE IMPRENTA) [R] | |
| Lugar de publicación, distribución, etc. [R] | Madrid |
| Nombre del editor, distribuidor, etc. [R] | Abada |
| Fecha de publicación, distribución, etc. [R] | 2016 |
| 300 ## - DESCRIPCION FISICA [R] | |
| Extensión [R] | 455 páginas., 2 [hojas plegables] |
| 490 0# - MENCION DE SERIE [R] | |
| Mención de serie [R] | Lecturas de paisaje. Historia del Arte y de la Arquitectura |
| 650 #7 - ASIENTO SECUNDARIO DE MATERIA - TERMINO TEMATICO [R] | |
| Término temático o nombre geográfico como elemento de entrada [NR] | Arte y sociedad |
| 9 (RLIN) | 9532 |
| 650 #0 - ASIENTO SECUNDARIO DE MATERIA - TERMINO TEMATICO [R] | |
| Término temático o nombre geográfico como elemento de entrada [NR] | Industria del cobre |
| 9 (RLIN) | 46389 |
| 650 #7 - ASIENTO SECUNDARIO DE MATERIA - TERMINO TEMATICO [R] | |
| Término temático o nombre geográfico como elemento de entrada [NR] | Cobre |
| Subdivisión general [R] | Historia |
| 9 (RLIN) | 7413 |
| 651 ## - ASIENTO SECUNDARIO DE MATERIA - NOMBRE GEOGRAFICO [R] | |
| Nombre geográfico [NR] | Chile |
| 9 (RLIN) | 26874 |
| 700 1# - ASIENTO SECUNDARIO - NOMBRE PERSONAL [R] | |
| Nombre personal [NR] | Wildi Merino, Ingrid |
| Fechas asociadas con el nombre [NR] | 1963- |
| 9 (RLIN) | 98022 |
| 700 1# - ASIENTO SECUNDARIO - NOMBRE PERSONAL [R] | |
| Nombre personal [NR] | Grosfoguel, Ramón |
| 9 (RLIN) | 98023 |
| 710 2# - ASIENTO SECUNDARIO - NOMBRE CORPORATIVO [R] | |
| Nombre corporativo o de jurisdicción como elemento de entrada [NR] | Universidad de Chile |
| 9 (RLIN) | 98024 |
| 942 ## - ELEMENTOS DE ENTRADA AGREGADOS (KOHA) | |
| Sistema de clasificación | DEWEY |
| Tema principal | Arte |
| Tipo de ítem principal el descrito en 300a | Libro |
| Edición | 1 |
| Clasificación | 669.3 |
| Parte restante de la signatura top. | A772t |
| Fecha de último préstamo | Total préstamos | Signatura topográfica | Código de barras | Última vez visto | Ejemplar | Costo de reposición | Price effective from | Tipo de ítem | Perdido | Sistema de clasificación | Dañado | No prestable | Tipo de ítem específico | Suprimido | Ubicación habitual | Ubicación actual | Localización | Fecha de creación | Proveedor | Forma de adquisición | Costo |
|---|---|---|---|---|---|---|---|---|---|---|---|---|---|---|---|---|---|---|---|---|---|
| 31/01/2025 | 1 | 669.3 A772t | 100162697 | 05/12/2025 | Ej.1 | 104438.00 | 09/08/2019 | Libro | DEWEY | Libro | Claustro | Claustro | 2do piso | 09/08/2019 | 37 | Compra | 104438.00 |